Smash Character to Series - Picture Click #4 - Statistics

General Stats
  • This quiz has been taken 17 times
  • The average score is 9 of 10
Answer Stats
Hint Answer % Correct
Mewtwo Pokémon
100%
Sonic Sonic the Hedgehog
100%
Richter Castlevania
83%
Diddy Kong Donkey Kong
83%
Corrin Fire Emblem
83%
King Dedede Kirby
83%
Luigi Mario
83%
Kazuya Tekken
83%
Young Link The Legend of Zelda
83%
Palutena Kid Icarus
67%
No matching quizzes found
Score Distribution
Percent of People with Each Score
Percentile by Number Answered
Your Score History
You have not taken this quiz